MARC
LEADER
00000nam0a2200000 4500
001
40814
005
20231031013434.0
010
|a 5891761548
035
|a (RuTPU)RU\TPU\book\41876
090
|a 40814
100
|a 20020523d2001 k y0rusy50 ca
101
0
|a rus
102
|a RU
105
|a a z 001zy
200
1
|a Устойчивость и управление по части координат фазового вектора динамических систем: теория, методы и приложения
|e учебное пособие
|f В. И. Воротников, В. В. Румянцев
210
|a Москва
|c Научный мир
|d 2001
215
|a 320 с.
|c ил.
320
|a Библиогр.: с. 277-320
610
1
|a физика
610
1
|a динамические системы
610
1
|a координаты
610
1
|a фазовый вектор
610
1
|a устойчивость
610
1
|a управление
610
1
|a стабилизация
610
1
|a переменные
610
1
|a механические системы
610
1
|a твердые тела
610
1
|a неопределенность
610
1
|a стохастические системы
610
1
|a нелинейные системы
675
|a 531.36
|v 3
675
|a 681.51.033
|v 3
700
1
|a Воротников
|b В. И.
701
1
|a Румянцев
|b В. В.
801
1
|a RU
|b 63413507
|c 20020523
|g PSBO
801
2
|a RU
|b 63413507
|c 20060209
|g PSBO
942
|c BK